000 01128 a2200253 4500
001 47360
005 20260407155741.0
008 260407a1986 arg spa d
003 AR-UNSa-BCEJYS
040 _aAR-UNSa-BCEJYS
_bspa
_cAR-UNSa-BCEJYS
080 _a94:33
_xHistoria económica
245 1 0 _aLa segunda guerra mundial 1939-1945
020 _a84-7423-281-3
264 1 _aBarcelona :
_bCrítica
_c1986
300 _a454 p.
_c20 cm.
505 _a1. La guerra como política - 2. La economía en una síntesis estratégica - 3. El esfuerzo productivo - 4. La dirección de la economía - 5. La economía de la opupación - 6. Guerra, tecnología y cambio económico - 7. Guerra, población y fuerza de trabajo - 8. Guerra, agricultura y alimentos - 9. Guerra económica - 10. La reconstrucción de la economía internacional.
041 _aspa
942 _cBK
590 _aniveau_biblio:m niveau_hierar:0
100 1 _aMenduiña, Antonio
700 1 _aMilward, Alan S.
700 1 _aTugores Ques, Juan
856 4 1 _uhttps://www.biblioeco.unsa.edu.ar/pmb/images/libros/L127483.jpg
_yImagen de portada
_qimage/jpeg
999 _c4347
_d4347